[Event "Let's Play Chess!"]
[Site "http://www.queenalice.com/game.php?id=1313125"]
[Date "2014.10.7"]
[Round "-"]
[White "Nikita"]
[Black "Hada"]
[Result "1-0"]
[WhiteElo "1535"]
[BlackElo "1127"]

1. e4 e5 2. Bc4 Qe7 3. d4 Nc6 4. Nf3 f6 5. Bxg8 Rxg8 6. Nc3 d6 7. Nb5 a6 8. Nc3
Be6 9. d5 Nd4 10. dxe6 Qxe6 11. Nxd4 exd4 12. Nd5 Qd7 13. Qh5+ Kd8 14. O-O Qc6
15. c3 Kd7 16. Qf7+ Kd8 17. Qxg8 Qe8 18. Qxh7 c6 19. Nf4 Kc7 20. Ng6 dxc3 21.
bxc3 Qxe4 22. Nxf8 Qxh7 23. Nxh7 g5 24. Nxf6 Rf8 25. Bxg5 Kb6 26. Rab1+ Kc7 27.
Rfe1 Kd8 28. Rxb7 Kc8 29. Ree7 Rd8 30. Re8 Rxe8 31. Nxe8 Kxb7 32. Nxd6+ Kc7 33.
Bf4 c5 34. h4 Kb6 35. h5 Ka5 36. h6 Ka4 37. h7 Ka3 38. h8=Q 1-0

[Event "Challenge"]
[Site "http://www.queenalice.com/game.php?id=1313127"]
[Date "2014.10.7"]
[Round "-"]
[White "Lemur"]
[Black "Hada"]
[Result "0-1"]
[WhiteElo "1139"]
[BlackElo "1115"]

1. Nf3 Nf6 2. e3 e6 3. Bd3 Nc6 4. O-O Bc5 5. Nc3 a6 6. a3 h6 7. b4 Bd6 8. b5
axb5 9. Nxb5 O-O 10. c3 Ne5 11. Be2 b6 12. Nfd4 c6 13. Nxd6 Qc7 14. Nxc8 Qxc8
15. a4 c5 16. Nb5 Qc6 17. Ba3 d6 18. d3 d5 19. Qb1 Rxa4 20. Bf3 Nxf3+ 21. gxf3
e5 22. f4 e4 23. Qd1 Qxb5 24. f3 exd3 25. c4 Qxc4 26. Rc1 Qb5 27. e4 dxe4 28.
Rf2 Rxa3 29. h4 Rd8 30. Rd2 c4 31. fxe4 Nxe4 32. Rb1 Qd5 33. Qg4 Nxd2 34. Rxb6
Ra1+ 35. Kf2 Qd4+ 36. Kg2 g6 37. h5 Qxb6 38. hxg6 fxg6 39. Qh4 Qg1+ 40. Kh3 Re8
41. Qxh6 Qh1+ 42. Kg3 Qxh6 43. f5 Qg5+ 44. Kf2 Re2# 0-1

[Event "Challenge"]
[Site "http://www.queenalice.com/game.php?id=1313128"]
[Date "2014.10.7"]
[Round "-"]
[White "Rovigo"]
[Black "Hada"]
[Result "0-1"]
[WhiteElo "1488"]
[BlackElo "1178"]

1. e4 e5 2. Bc4 Qe7 3. Qf3 Nf6 4. d3 Nc6 5. Bg5 h6 6. Bxf6 gxf6 7. Qh5 d6 8. Nc3
Be6 9. Bxe6 Qxe6 10. Nb5 Qd7 11. Nf3 a6 12. Nc3 Nb4 13. Kd2 O-O-O 14. Nh4 Be7
15. Nf5 Rhg8 16. Qxf7 Rgf8 17. Qb3 a5 18. Nxe7+ Kb8 19. Ng6 Rg8 20. Nh4 b6 21.
Nd5 Qg4 22. g3 Qg5+ 23. Kc3 Qg4 24. Ne7 Rh8 25. Nhg6 Rhe8 26. h3 Qf3 27. Rhd1
Qxf2 28. Rf1 Qxg3 29. Rxf6 d5 30. Raf1 d4+ 31. Kd2 Qg2+ 32. Ke1 Nxc2+ 33. Kd1
Ne3+ 34. Ke1 Nxf1 35. Rxf1 Qxh3 36. Nc6+ Ka8 37. Nxd8 Rxd8 38. Nxe5 Qe3+ 39. Kd1
Kb7 40. Ng4 Qg3 41. Nf6 Qg5 42. Nh7 Qg4+ 43. Ke1 h5 44. Nf6 Qg3+ 45. Rf2 Qe3+
46. Re2 Qg1+ 47. Kd2 Qg5+ 48. Kc2 Qxf6 49. e5 Qf1 50. Rd2 Rf8 51. e6 Qe1 52. Qc4
Rf1 53. Qd5+ Ka6 54. Qc4+ Ka7 55. Qxc7+ Ka6 56. Qc4+ Ka7 57. Qxd4 Qc1+ 58. Kb3
Qxd2 59. Qd7+ Kb8 60. Qd6+ Kc8 61. Qxb6 Qxd3+ 62. Ka4 Rf4+ 63. Kxa5 Qd2+ 64. Ka6
Ra4+ 65. Kb5 Qb4+ 66. Kc6 Qc4+ 67. Qc5 Ra6# 0-1

[Event "Challenge"]
[Site "http://www.queenalice.com/game.php?id=1313129"]
[Date "2014.10.7"]
[Round "-"]
[White "Hada"]
[Black "joshaKarpio"]
[Result "0-1"]
[WhiteElo "1500"]
[BlackElo "1154"]

1. d4 Nf6 2. Nf3 h6 3. Nc3 g5 4. h3 d5 5. e3 Bg7 6. Ne5 O-O 7. Bd3 a5 8. a3 c6
9. O-O a4 10. b4 h5 11. Ne2 Qc7 12. c4 g4 13. hxg4 hxg4 14. e4 dxe4 15. Bc2 Bf5
16. Ng3 Qc8 17. c5 Nh7 18. Nxf5 Qxf5 19. Be3 Nf6 20. Re1 Rd8 21. g3 Qh5 22. Kf1
Nd5 23. Bxe4 Nc3 24. Qd2 Nxe4 25. Qb2 Bxe5 26. dxe5 Rd2 27. Bxd2 Qh1+ 28. Ke2
Qf3+ 29. Kf1 Nxg3+ 30. Kg1 Qh1# 0-1

[Event "Challenge"]
[Site "http://www.queenalice.com/game.php?id=1313847"]
[Date "2014.10.9"]
[Round "-"]
[White "Hada"]
[Black "serard1"]
[Result "0-1"]
[WhiteElo "1081"]
[BlackElo "1405"]

1. Nc3 e6 2. e4 Nc6 3. Nf3 Qf6 4. Bc4 b6 5. a4 Nb4 6. b3 Bb7 7. e5 Qg6 8. O-O
Nxc2 9. Ra2 Nb4 10. Ra1 O-O-O 11. Ba3 Nc6 12. Nh4 Qh6 13. g3 Bxa3 14. Rxa3 Nxe5
15. f3 g5 16. Ng2 d5 17. Be2 d4 18. d3 dxc3 19. d4 Nc6 20. g4 e5 21. d5 Nd4 22.
a5 b5 23. b4 Bxd5 24. Bd3 Nf6 25. Ne3 e4 26. fxe4 Nxe4 27. Bxe4 Bxe4 28. Rxf7
Nf3+ 29. Kf1 Rxd1+ 30. Ke2 Rd2+ 31. Kf1 Bd3# 0-1

[Event "Challenge"]
[Site "http://www.queenalice.com/game.php?id=1314456"]
[Date "2014.10.11"]
[Round "-"]
[White "ANGELOAZZURRO"]
[Black "Hada"]
[Result "1-0"]
[WhiteElo "1528"]
[BlackElo "1127"]

1. e3 e5 2. Bc4 Qe7 3. Qf3 Nf6 4. Nc3 Nc6 5. b3 Nb4 6. Rb1 d6 7. Nb5 Be6 8. Bxe6
fxe6 9. Qxb7 Rd8 10. Nxc7+ Kf7 11. Qxa7 Nc6 12. Qb7 g6 13. Qxc6 Bh6 14. Ba3 Rd7
15. Nb5 Rhd8 16. Nf3 e4 17. Nfd4 e5 18. Ne2 Bg5 19. Ng3 Bh4 20. c4 Nh5 21. Nxh5
gxh5 22. c5 d5 23. Rc1 Ke8 24. g3 Bg5 25. h4 Qf7 26. hxg5 Qf3 27. Rxh5 Kf8 28.
Qf6+ Qxf6 29. gxf6 Rf7 30. g4 Rdd7 31. g5 Kg8 32. c6 Rd8 33. c7 Rc8 34. Nd6 Rff8
35. Nxc8 Rxc8 36. Rc5 Kf7 37. Rxh7+ Kg6 38. Rh1 Kxg5 39. f7 Kf6 40. f8=Q+ Rxf8
41. Rc6+ Kf7 42. Bxf8 Kxf8 43. c8=Q+ Ke7 44. a4 d4 45. exd4 exd4 46. a5 d3 47.
a6 e3 48. a7 exf2+ 49. Kxf2 Kf7 50. Ke3 Ke7 51. b4 Kf7 52. b5 Ke7 53. b6 Kf7 54.
Rh4 Ke7 55. Kxd3 Kf7 56. a8=Q Ke7 57. Qa7# 1-0

[Event "Challenge"]
[Site "http://www.queenalice.com/game.php?id=1314909"]
[Date "2014.10.12"]
[Round "-"]
[White "Hada"]
[Black "mitchelli3131"]
[Result "0-1"]
[WhiteElo "1081"]
[BlackElo "1500"]

1. Nc3 e5 2. e4 Nf6 3. Nf3 Nc6 4. Bc4 Ng4 5. Qe2 Bc5 6. Ng5 Nh6 7. d3 Nd4 8. Qe3
Nxc2+ 9. Kf1 Nxe3+ 10. fxe3 Qxg5 11. g3 Ng4 12. Nb5 Qf6+ 13. Ke2 Qf2+ 14. Kd1
Qf3+ 15. Kc2 Qxh1 16. Nxc7+ Ke7 17. Nxa8 Qg2+ 18. Kb3 d6 19. Nc7 Qxh2 20. Nd5+
Kd7 21. Bb5+ Ke6 22. Nc7+ Kf6 23. Nd5+ Kg5 24. Kc4 Qc2+ 25. Nc3 Be6# 0-1

[Event "Challenge"]
[Site "http://www.queenalice.com/game.php?id=1315702"]
[Date "2014.10.16"]
[Round "-"]
[White "ANGELOAZZURRO"]
[Black "Hada"]
[Result "0-1"]
[WhiteElo "1530"]
[BlackElo "1127"]

1. e4 e5 2. Nf3 Nc6 3. Nc3 Nf6 4. d3 Nd4 5. Nxd4 exd4 6. Nb5 a6 7. b3 axb5 8.
Bg5 Be7 9. Bxf6 Bxf6 10. Qe2 O-O 11. g3 d6 12. h4 h6 13. a4 b4 14. Bh3 Re8 15.
f4 Bd7 16. Bxd7 Qxd7 17. O-O Qh3 18. g4 Bxh4 19. Rf3 Qxg4+ 20. Kf1 c6 21. a5 d5
22. a6 b6 23. f5 f6 24. a7 dxe4 25. Rf2 Qh3+ 26. Rg2 Qxf5+ 0-1

[Event "Challenge"]
[Site "http://www.queenalice.com/game.php?id=1315840"]
[Date "2014.10.16"]
[Round "-"]
[White "Rogerio11"]
[Black "Hada"]
[Result "0-1"]
[WhiteElo "1245"]
[BlackElo "1071"]

1. e4 e5 2. Bc4 Qe7 3. d3 Nc6 4. Qf3 Nf6 5. Nc3 Nd4 6. Qd1 d6 7. Nf3 Nxf3+ 8.
gxf3 Be6 9. Nb5 c6 10. Na3 Bh3 11. f4 exf4 12. b4 Qe5 13. Qf3 Qxa1 14. Qd1 Qc3+
15. Ke2 Be7 0-1

[Event "Challenge"]
[Site "http://www.queenalice.com/game.php?id=1316719"]
[Date "2014.10.20"]
[Round "-"]
[White "joshaKarpio"]
[Black "Hada"]
[Result "1-0"]
[WhiteElo "1350"]
[BlackElo "1135"]

1. e4 e5 2. Nc3 Nc6 3. f3 Nf6 4. a3 Bc5 5. Na4 d6 6. b4 Bd4 7. c3 Bxg1 8. Rxg1
Be6 9. b5 Na5 10. c4 Bxc4 11. Bxc4 Nxc4 12. d3 O-O 13. dxc4 c6 14. Nc3 cxb5 15.
Nxb5 a6 16. Nxd6 Qb6 17. Ke2 Rfd8 18. Be3 Qb2+ 19. Kf1 Qc3 20. Bc5 h6 21. Bb4
Qd4 22. Qxd4 exd4 23. Nf5 d3 24. Rd1 d2 25. Ne7+ Kh8 26. Bxd2 Re8 27. Nf5 Kh7
28. g4 Nd7 29. Rg3 Nc5 30. Rh3 Re6 31. g5 Rd8 32. Ke2 Nb3 33. Bc3 Rc8 34. Bxg7
Rxc4 35. Rd8 Rc2+ 36. Ke3 Rec6 37. Rxh6+ Rxh6 38. Rh8+ Kg6 39. gxh6 Rc3+ 40.
Bxc3 Kh5 41. Rg8 Nc5 42. h7 Ne6 43. h8=Q# 1-0

[Event "Challenge"]
[Site "http://www.queenalice.com/game.php?id=1316720"]
[Date "2014.10.20"]
[Round "-"]
[White "joshaKarpio"]
[Black "Hada"]
[Result "1-0"]
[WhiteElo "1250"]
[BlackElo "1127"]

1. Nc3 Nc6 2. e4 e5 3. f3 Nf6 4. a3 Bc5 5. Na2 d6 6. b4 Bd4 7. c3 Bxg1 8. Rxg1
O-O 9. g4 h6 10. d3 Be6 11. c4 Nd4 12. g5 hxg5 13. Bxg5 c5 14. Bh6 Kh8 15. Bxg7+
Kg8 16. Bxf6+ Kh7 17. Bxd8 Raxd8 18. f4 exf4 19. Qh5# 1-0

[Event "Cabeza dura"]
[Site "http://www.queenalice.com/game.php?id=1320629"]
[Date "2014.11.6"]
[Round "-"]
[White "Hada"]
[Black "ANGELOAZZURRO"]
[Result "1-0"]
[WhiteElo "1117"]
[BlackElo "1534"]

1. d4 e6 2. e4 Nf6 3. e5 Nd5 4. Nc3 Bb4 5. Bd2 Bxc3 6. Bxc3 Nxc3 7. bxc3 Nc6 8.
Bd3 Qf6 9. Nf3 b6 10. O-O Qh6 11. h3 g5 12. Qd2 a5 13. Nxg5 d6 14. Qf4 dxe5 15.
dxe5 Ba6 16. Rfe1 Bxd3 17. Qxf7+ Kd8 18. Qf3 Bxc2 19. Nf7+ Ke8 20. Nxh6 Rf8 21.
Qh5+ Kd7 22. Re2 Bd3 23. Rd2 Rad8 24. Rxd3+ Ke7 25. Qg5+ Ke8 26. Rxd8+ Nxd8 27.
Rd1 Nc6 28. f3 b5 29. Qg7 b4 30. Qd7# 1-0